"Löszök úr Mórahalmán"

Elmentve itt :
Bibliográfiai részletek
Szerző: Lukács Imre
Dokumentumtípus: Cikk
Megjelent: 1969-02-23
Sorozat:Délmagyarország 59 No. 45
Kulcsszavak:Papp Mihály, Mesterségek Szeged 1969, Népi mesterségek fodrász, Népi mesterségek borbély
Online Access:http://dmarchiv.bibl.u-szeged.hu/37095
LEADER 00534nab a2200157 i 4500
001 delm37095
005 20180927112810.0
008 180927s1969 hu o 0|| hun d
040 |a SZTE Délmagyarország Archívum  |b hun 
041 |a hun 
100 1 |a Lukács Imre, 
245 1 0 |a "Löszök úr Mórahalmán"  |h [elektronikus dokumentum] /  |c Szegedi Lukács Imre, 
260 |c 1969-02-23 
300 |a 9 
490 0 |a Délmagyarország  |v 59 No. 45 
695 |a Papp Mihály, Mesterségek Szeged 1969, Népi mesterségek fodrász, Népi mesterségek borbély